| 000 | 00393nam a22001457a 4500 | ||
|---|---|---|---|
| 005 | 20200612105240.0 | ||
| 008 | 200612b xxu||||| |||| 00| 0 eng d | ||
| 082 | _a345.4 AIR | ||
| 110 |
_aALL INDIA REPORTER _96010 |
||
| 245 | _aALL INDIA REPORTER [2002] [VOL-89] ORISSA SECTION | ||
| 260 |
_aBOMBAY _bALL INDIA REPORTER, PVT. LTD. |
||
| 300 | _a384;p | ||
| 650 |
_aLAW _95701 |
||
| 942 | _cJRL | ||
| 999 |
_c7069 _d7067 |
||